Enlightened knowledege / (Record no. 39367)

MARC details
000 -LEADER
fixed length control field 00930nam a22002537a 4500
005 - DATE AND TIME OF LATEST TRANSACTION
control field 20100805111834.0
010 ## - LCCN (DPL NO)
LC control number ENG-98267
020 ## - INTERNATIONAL STANDARD BOOK NUMBER
International Standard Book Number 9789380009377
Terms of availability 790.00
020 ## - INTERNATIONAL STANDARD BOOK NUMBER
International Standard Book Number 9380009372
Terms of availability 790.00
035 ## - SYSTEM CONTROL NUMBER
System control number EN-81800
037 ## - SOURCE OF ACQUISITION
Source of stock number/acquisition DBAD/PUB
082 ## - DEWEY DECIMAL CLASSIFICATION NUMBER
Classification number 181.044
100 ## - MAIN ENTRY--PERSONAL NAME
Personal name Tater,Sohan Raj
245 F# - TITLE STATEMENT
Title Enlightened knowledege /
Statement of responsibility, etc by Sohan Raj Tater ;edited by Harish Sharma
260 ## - PUBLICATION, DISTRIBUTION, ETC. (IMPRINT)
Place of publication, distribution, etc New Delhi
Name of publisher, distributor, etc Readworthy Publications
Date of publication, distribution, etc 2010
270 ## - ADDRESS
Address S-Mohan Garden,Near Nawada Metro Station,
City New Delhi
Postal code 110059
300 ## - PHYSICAL DESCRIPTION
Extent xxii,247p.
Dimensions 23cm (Hb)
650 ## - SUBJECT ADDED ENTRY--TOPICAL TERM
Topical term or geographic name as entry element Jain Philosophy
650 ## - SUBJECT ADDED ENTRY--TOPICAL TERM
Topical term or geographic name as entry element Knowledge,Theory of (Jainism)
650 ## - SUBJECT ADDED ENTRY--TOPICAL TERM
Topical term or geographic name as entry element Jainism and science
700 ## - ADDED ENTRY--PERSONAL NAME
Personal name Sharma, Harihar
9 (RLIN) 6494
942 ## - ADDED ENTRY ELEMENTS (KOHA)
Source of classification or shelving scheme Dewey Decimal Classification
Item type English Books
Classification part 181.044
Call number suffix TAT
Holdings
Withdrawn status Lost status Not for loan Collection code Home library Current library Date acquired Source of acquisition Cost, normal purchase price Full call number Barcode Copy number Cost, replacement price Koha item type
    Not For Loan Non-fiction D.B.Act.Division D.B.Act.Division 05/08/2010 DBAD/PUB 790.00 181.044 TAT EN-81800 1 790.00 English Books

© Delhi Public Library
Hit Counter
free hit counter